[Event "Thessaloniki (ol)"]
[Site "?"]
[Date "1988.??.??"]
[Round "?"]
[White "Kasparov, Garry"]
[Black "Seirawan, Y."]
[Result "1-0"]
[WhiteElo "2760"]
[BlackElo "2610"]
[PlyCount "77"]
[EventDate "1988.??.??"]
[Source "ChessBase"]
[SourceDate "1988.07.01"]

1. d4 d5 2. Nf3 c5 3. c4 dxc4 4. Nc3 cxd4 5. Qxd4 Qxd4 6. Nxd4 Bd7 7. Ndb5 Na6 8. e4 Nf6 9. f3 Bxb5 10. Nxb5 e5 11. Be3 Bb4+ 12. Kf2 Ke7 13. Bxc4 Rhc8 14. Rac1 Bc5 15. Rhd1 Bxe3+ 16. Kxe3 Ne8 17. Bb3 Rxc1 18. Rxc1 f6 19. a3 Nd6 20. Bd5 Nxb5 21. Bxb7 Nbc7 22. Bxa8 Nxa8 23. Rc8 Nb6 24. Rg8 Kf7 25. Rh8 Nc5 26. Rb8 Ke7 27. b4 Nc4+ 28. Ke2 Nd7 29. Rg8 g5 30. a4 a5 31. bxa5 Nxa5 32. Ra8 Nc6 33. a5 Kd6 34. g3 h5 35. h4 gxh4 36. gxh4 Nc5 37. a6 Kc7 38. a7 Nb7 39. Rc8+ 1-0

[Event "It, Dortmund GER"]
[Site "?"]
[Date "1997.??.??"]
[Round "?"]
[White "Anand Viswanathan"]
[Black "Huebner Robert"]
[Result "1/2-1/2"]
[WhiteElo "2765"]
[BlackElo "2600"]
[PlyCount "87"]
[EventDate "1997.??.??"]
[Source "www.chesslib.no"]
[SourceDate "2004.05.04"]

1. Nf3 d5 2. d4 e6 3. c4 dxc4 4. e4 b5 5. a4 Bb7 6. axb5 Bxe4 7. Bxc4 Nf6 8. Nc3 Bb7 9. O-O Be7 10. Qe2 O-O 11. Rd1 Nd5 12. Ne5 c6 13. Nxd5 cxd5 14. Bd3 Bd6 15. Bf4 Qe8 16. Rdc1 Nc6 17. Ng4 Na5 18. g3 Bxf4 19. Re1 Qe7 20. Kh1 Bc7 21. Rg1 Bc8 22. Bg6 Bd7 23. b6 Rac8 24. b7 e5 25. b8=B Be8 26. Bxc7 Qd8 27. Qa6 Qh4 28. Qxa7 Nb3 29. Rab1 Nc1 30. Rf1 Qxg4 31. f4 Bc6 32. dxe5 f6 33. Rbxc1 fxe5 34. Qe3 Rfe8 35. Rce1 e4 36. Qf2 Bb5 37. Rb1 Bd3 38. Bb8 Bxb1 39. Qg1 Rc6 40. Rc1 d4 41. Re1 Rc4 42. Bf5 Re7 43. Bd6 Rb7 44. Bxh7+ 1/2-1/2

[Event "Novgorod"]
[Site "Novgorod"]
[Date "1995.??.??"]
[Round "9"]
[White "Kramnik, Vladimir"]
[Black "Ehlvest, Jaan"]
[Result "0-1"]
[WhiteElo "2715"]
[BlackElo "2615"]
[PlyCount "59"]
[EventDate "1995.05.??"]
[Source "ChessBase"]

1. Nf3 d5 2. d4 e6 3. c4 dxc4 4. Qa4+ Nd7 5. e4 Ngf6 6. Nc3 a6 7. Bxc4 Rb8 8. Qc2 b5 9. Bd3 Bb7 10. Bf4 Rc8 11. Rd1 c5 12. d5 c4 13. dxe6 cxd3 14. exf7+ Kxf7 15. Rxd3 Qe8 16. O-O Nc5 17. Re3 Kg8 18. Rfe1 h6 19. e5 Nh5 20. Bg3 Ne6 21. Qf5 Qf7 22. Qg4 Nxg3 23. hxg3 h5 24. Qh4 Bc5 25. Rd3 g5 26. Qh1 g4 27. Ne4 Bxe4 28. Rxe4 Qf5 29. Qh4 Rh6 30. Nd2 0-1

[Event "Ubeda"]
[Site "?"]
[Date "1997.??.??"]
[Round "?"]
[White "Beliavsky, A."]
[Black "Korchnoi, V."]
[Result "1/2-1/2"]
[WhiteElo "2665"]
[BlackElo "2635"]
[PlyCount "41"]
[EventDate "1997.??.??"]
[Source "ChessBase"]
[SourceDate "1997.02.01"]

1. d4 d5 2. Nf3 e6 3. c4 dxc4 4. e4 b5 5. a4 c6 6. b3 Nf6 7. e5 Ne4 8. bxc4 Bb4+ 9. Nbd2 bxc4 10. Bxc4 Ba6 11. Bxa6 Nxa6 12. O-O Nxd2 13. Bxd2 O-O 14. Rc1 Qd5 15. Bxb4 Nxb4 16. Rc5 Qe4 17. Qd2 a5 18. Qe3 Qf5 19. Rd1 Rfd8 20. h3 h6 21. Ne1 1/2-1/2

[Event "WchT 3rd"]
[Site "Luzern"]
[Date "1993.??.??"]
[Round "9"]
[White "Xu Jun"]
[Black "Ivanchuk, Vassily"]
[Result "0-1"]
[WhiteElo "2535"]
[BlackElo "2705"]
[PlyCount "124"]
[EventDate "1993.10.??"]
[Source "ChessBase"]

1. d4 d5 2. c4 e6 3. Nf3 dxc4 4. Qa4+ Nd7 5. e4 Ngf6 6. Nc3 a6 7. Bxc4 Rb8 8. Qc2 b5 9. Be2 Bb7 10. O-O b4 11. e5 bxc3 12. exf6 cxb2 13. fxg7 bxa1=N 14. gxh8=Q Nxc2 15. Bg5 Bxf3 16. Bxd8 Bxe2 17. Bxc7 Rb7 18. Bd6 Bxf1 19. Kxf1 Rb6 20. Bxf8 Nxf8 21. g3 Nb4 22. Qe5 Nd5 23. h4 Ng6 24. Qg7 h5 25. Qg8+ Ke7 26. Qc8 Nf8 27. a4 Nd7 28. a5 Rd6 29. Qc4 Kd8 30. Qe2 N7f6 31. Qc4 Kd7 32. Qc5 Ne4 33. Qa3 f5 34. Kg2 Rc6 35. Qb2 Kc8 36. Qe2 Nef6 37. Qb2 f4 38. gxf4 Nxf4+ 39. Kg3 N6d5 40. Qd2 Rc3+ 41. f3 Kc7 42. Qb2 Rc6 43. Qd2 Kc8 44. Qb2 Rc7 45. Kh2 Rc4 46. Qa3 Rb4 47. Qc1+ Kb7 48. Qd2 Kc6 49. Qc2+ Kb5 50. Qc5+ Ka4 51. Qc6+ Kxa5 52. Qc5+ Rb5 53. Qa3+ Kb6 54. Qd6+ Ka7 55. Qd7+ Rb7 56. Qd6 Rc7 57. Kh1 a5 58. Qa3 Ka6 59. Qb3 Rc6 60. Kh2 Nb6 61. Qe3 Nfd5 62. Qe2+ Nc4 0-1

[Event "RUS-ch m1-2"]
[Site "Elista"]
[Date "1997.05.25"]
[Round "3.1"]
[White "Sherbakov, Ruslan"]
[Black "Svidler, Peter"]
[Result "0-1"]
[WhiteElo "2580"]
[BlackElo "2640"]
[PlyCount "82"]
[EventDate "1997.05.19"]
[Source "ChessBase"]
[SourceDate "1997.08.01"]

1. Nf3 d5 2. d4 e6 3. c4 dxc4 4. Qa4+ Nd7 5. e4 Ngf6 6. Nc3 a6 7. Bxc4 Rb8 8. Qc2 b5 9. Bd3 Bb7 10. Bf4 Rc8 11. O-O c5 12. d5 c4 13. Be2 exd5 14. Nxd5 Bxd5 15. exd5 Bc5 16. b3 cxb3 17. Qxb3 O-O 18. Rad1 Qb6 19. Ng5 h6 20. Ne6 fxe6 21. dxe6 Bxf2+ 22. Rxf2 Nc5 23. Be3 Qxe6 24. Qxe6+ Nxe6 25. Rd6 Rfe8 26. Rxf6 gxf6 27. Bg4 Kf7 28. Rxa6 Re7 29. Bxh6 Rc5 30. Bd2 Nd4 31. h3 Rc2 32. Bb4 Re3 33. Bh5+ Kg7 34. Ra7+ Kh6 35. Bg4 Kg6 36. Bf8 Ne6 37. Bd6 f5 38. Bf3 Ng5 39. Ba8 Nxh3+ 40. Kh2 Nf2 41. Bf3 Rxf3 0-1

[Event "Tournament (computers)"]
[Site "Internet"]
[Date "2008.01.27"]
[Round "6"]
[White "Computer \"]
[Black "Computer \"]
[Result "0-1"]
[WhiteElo "2515"]
[BlackElo "2695"]
[PlyCount "91"]
[EventDate "2008.??.??"]
[Source "www.chesslib.no"]
[SourceDate "2004.05.04"]

1. d4 d5 2. c4 dxc4 3. Nf3 c5 4. Nc3 cxd4 5. Qxd4 Qxd4 6. Nxd4 e5 7. Ndb5 Na6 8. Bg5 Nf6 9. O-O-O Bd7 10. Bxf6 gxf6 11. e4 Rc8 12. Nxa7 Rc5 13. Nd5 Be7 14. Kb1 f5 15. Rc1 Rg8 16. g3 fxe4 17. Bxc4 b5 18. Bb3 Rg6 19. Rhd1 Rh6 20. Nc3 b4 21. Rxd7 Kxd7 22. Rd1+ Kc7 23. Nd5+ Kb8 24. Nxe7 Kxa7 25. h4 Rf6 26. Rd7+ Nc7 27. Nd5 Rxf2 28. Nxc7 Rf1+ 29. Bd1 Kb6 30. Nd5+ Kc6 31. Ne3 Re1 32. Ng2 Rg1 33. Rd2 Rd5 34. Rc2+ Kb7 35. Ne3 Rd3 36. Re2 Rxg3 37. Nf5 Rxd1+ 38. Kc2 Rgd3 39. Rxe4 R1d2+ 40. Kc1 Rf2 41. Ne3 Re2 42. Rxb4+ Kc7 43. Rc4+ Kd7 44. Nc2 f5 45. Rc5 f4 46. Nb4 0-1

[Event "Monaco m2"]
[Site "Monte Carlo"]
[Date "1996.??.??"]
[Round "6"]
[White "Piket, Jeroen"]
[Black "Lautier, Joel"]
[Result "1/2-1/2"]
[WhiteElo "2580"]
[BlackElo "2620"]
[PlyCount "53"]
[EventDate "1996.11.29"]
[Source "ChessBase"]

1. d4 d5 2. Nf3 e6 3. c4 dxc4 4. Qa4+ Nd7 5. e4 c5 6. Bxc4 cxd4 7. Nxd4 Qb6 8. Nb3 Bd6 9. Be3 Qc7 10. Nc3 a6 11. Rc1 Qb8 12. Be2 Ngf6 13. g3 O-O 14. O-O b5 15. Qd4 Bb7 16. Rfd1 Be5 17. Qb4 Rd8 18. f3 Bxg3 19. hxg3 Qxg3+ 20. Kf1 Ne5 21. Rxd8+ Rxd8 22. Qa5 Rd7 23. Rd1 Qh3+ 24. Kf2 Qh2+ 25. Kf1 Qh3+ 26. Kf2 Qh2+ 27. Kf1 1/2-1/2

[Event "Presidents Cup"]
[Site "Elista"]
[Date "1998.05.07"]
[Round "1.1"]
[White "Zvjaginsev, Vadim"]
[Black "Makarov, Marat"]
[Result "1/2-1/2"]
[WhiteElo "2655"]
[BlackElo "2540"]
[PlyCount "35"]
[EventDate "1998.05.07"]
[Source "ChessBase"]
[SourceDate "1998.08.06"]

1. Nf3 d5 2. d4 e6 3. c4 dxc4 4. Nc3 a6 5. Bg5 Nf6 6. e3 b5 7. a4 b4 8. Nb1 Bb7 9. Bxc4 Nbd7 10. Nbd2 Be7 11. Nb3 c5 12. dxc5 Nxc5 13. Qxd8+ Rxd8 14. Nxc5 Bxc5 15. Ke2 Rc8 16. Nd2 Nd7 17. Bd3 Be7 18. Bxe7 1/2-1/2

[Event "BL2-West 0001"]
[Site "Germany"]
[Date "2000.10.15"]
[Round "1.1"]
[White "Tregubov, Pavel V"]
[Black "Reinderman, Dimitri"]
[Result "1/2-1/2"]
[WhiteElo "2620"]
[BlackElo "2551"]
[PlyCount "80"]
[EventDate "2000.10.15"]
[Source "ChessBase"]
[SourceDate "2001.07.03"]

1. d4 d5 2. Nf3 e6 3. c4 dxc4 4. e4 b5 5. a4 c6 6. axb5 cxb5 7. b3 Bb7 8. bxc4 Bxe4 9. cxb5 Nf6 10. Be2 Be7 11. O-O O-O 12. Nc3 Bb7 13. Ne5 Nd5 14. Bd2 Qb6 15. Qa4 Nxc3 16. Bxc3 Bd5 17. Bc4 Rc8 18. Bxd5 exd5 19. Bb4 Bxb4 20. Qxb4 Nc6 21. Nxc6 Rxc6 22. Qa5 Rd6 23. Qxb6 Rxb6 24. Rfc1 Rxb5 25. Rxa7 Rbb8 26. Rxa8 Rxa8 27. g4 Kf8 28. Rc5 Rd8 29. Kg2 Ke7 30. Kg3 Rd6 31. h4 Ke6 32. Ra5 g6 33. h5 h6 34. Ra8 Kf6 35. g5+ hxg5 36. hxg6 Kxg6 37. Re8 Rd7 38. Re3 Rd8 39. Rc3 f6 40. f3 Rd7 1/2-1/2

[Event "RUS-ch m1-2"]
[Site "Elista"]
[Date "1997.05.23"]
[Round "2.2"]
[White "Ivanov, Sergey"]
[Black "Rublevsky, Sergei"]
[Result "1-0"]
[WhiteElo "2515"]
[BlackElo "2645"]
[PlyCount "235"]
[EventDate "1997.05.19"]
[Source "ChessBase"]
[SourceDate "1997.08.01"]

1. d4 d5 2. Nf3 e6 3. c4 dxc4 4. Qa4+ Nd7 5. e4 Ngf6 6. Nc3 a6 7. Bxc4 Rb8 8. Qc2 b5 9. Bd3 c5 10. Bf4 Rb6 11. d5 Bb7 12. dxe6 Rxe6 13. Ng5 Re7 14. O-O-O c4 15. Be2 h6 16. e5 hxg5 17. exf6 gxf6 18. Bd6 Re6 19. Bg3 Bg7 20. Bg4 O-O 21. Bxe6 fxe6 22. Rhe1 f5 23. Qd2 Rf7 24. Bd6 Qf6 25. f3 Qg6 26. a3 Kh7 27. Qe3 Bc6 28. Qxe6 Rf6 29. Qe7 g4 30. f4 Rf7 31. Qh4+ Kg8 32. Nd5 Bxd5 33. Rxd5 Nf6 34. Rde5 Rd7 35. Re6 Qf7 36. Qg5 Ne4 37. R1xe4 fxe4 38. f5 e3 39. Be5 e2 40. Bxg7 Qxg7 41. Qh4 Rd1+ 42. Kc2 e1=Q 43. Rxe1 Rxe1 44. Qxe1 Qd4 45. Qe8+ Kg7 46. Qg6+ Kf8 47. f6 Qf2+ 48. Kc3 Qe1+ 49. Kd4 Qd2+ 50. Kc5 Qe3+ 51. Kc6 Qe6+ 52. Kc7 a5 53. Qg7+ Ke8 54. Qh8+ Kf7 55. Qh5+ Kxf6 56. Qxb5 Qe2 57. Qb6+ Kf7 58. Qxa5 Qxb2 59. Qd5+ Kf6 60. Qxc4 Qe5+ 61. Kc6 Qe8+ 62. Kb7 Qe7+ 63. Qc7 Qxa3 64. Qf4+ Ke7 65. Qxg4 Qb2+ 66. Kc6 Qf6+ 67. Kd5 Qd6+ 68. Ke4 Qxh2 69. Qg5+ Kd7 70. Qf5+ Kd8 71. Qd5+ Kc8 72. Qe6+ Kd8 73. g4 Qf2 74. g5 Qf1 75. g6 Qf2 76. Ke5 Qb2+ 77. Kf5 Qf2+ 78. Kg5 Qd2+ 79. Kf6 Qd4+ 80. Kf7 Qa7+ 81. Kg8 Qf2 82. Qd5+ Kc8 83. g7 Qf6 84. Kh7 Qh4+ 85. Kg6 Qg4+ 86. Kf6 Qh4+ 87. Qg5 Qd4+ 88. Kg6 Qd6+ 89. Qf6 Qg3+ 90. Kf7 Qc7+ 91. Ke8 Qc4 92. Qf5+ Kb8 93. Qf8 Qe6+ 94. Kd8 Qd5+ 95. Ke7+ Kc7 96. Qf4+ Kc6 97. Qf6+ Kb5 98. Qe6 Qg5+ 99. Kf7 Qf4+ 100. Qf6 Qc4+ 101. Kg6 Ka4 102. Qg5 Qe6+ 103. Kh5 Qf7+ 104. Kg4 Qg8 105. Qf6 Kb3 106. Kg5 Qd5+ 107. Kh6 Qh1+ 108. Kg6 Qg2+ 109. Kf7 Qb7+ 110. Qe7 Qf3+ 111. Kg8 Kb2 112. Qf7 Qa8+ 113. Kh7 Qe4+ 114. Qg6 Qh4+ 115. Kg8 Qd8+ 116. Kf7 Qd7+ 117. Kf8 Qd6+ 118. Qxd6 1-0

[Event "Groningen (open)"]
[Site "?"]
[Date "1993.??.??"]
[Round "?"]
[White "Magerramov, E."]
[Black "Psakhis, L."]
[Result "1/2-1/2"]
[WhiteElo "2565"]
[BlackElo "2585"]
[PlyCount "84"]
[EventDate "1993.??.??"]
[Source "ChessBase"]
[SourceDate "1994.02.01"]

1. d4 d5 2. c4 dxc4 3. Nf3 c5 4. Nc3 cxd4 5. Qxd4 Qxd4 6. Nxd4 Bd7 7. Ndb5 Na6 8. e4 e6 9. Bxc4 Rc8 10. Be2 Nb4 11. Nxa7 Rxc3 12. bxc3 Nc2+ 13. Kd2 Nxa1 14. Bb2 Bc5 15. Nb5 Bxf2 16. Nd6+ Ke7 17. e5 Nh6 18. Rxa1 Ra8 19. Bf3 Ra4 20. Nxb7 Nf5 21. g3 f6 22. c4 fxe5 23. Bxe5 Be3+ 24. Kc3 Bc8 25. g4 Bxb7 26. Bxb7 Ra5 27. Bb8 Nd6 28. Bf3 Ra4 29. Kb3 Ra6 30. Rb1 Bc5 31. a4 Kd7 32. Be2 Rb6+ 33. Ka2 Rxb1 34. Kxb1 Kc8 35. Bxd6 Bxd6 36. h3 Kb7 37. Kc2 Kb6 38. Kd3 Ka5 39. Kd4 Kb4 40. Bd1 Bc5+ 41. Ke5 Kxc4 42. Kxe6 Kb4 1/2-1/2

[Event "JUG-chT"]
[Site "Niksic"]
[Date "1996.??.??"]
[Round "?"]
[White "Komarov, Dimitri"]
[Black "Maksimenko, Andrei"]
[Result "1/2-1/2"]
[WhiteElo "2595"]
[BlackElo "2545"]
[PlyCount "126"]
[EventDate "1996.??.??"]
[Source "www.chesslib.no"]
[SourceDate "2004.05.04"]

1. d4 d5 2. c4 dxc4 3. Nf3 e6 4. e4 b5 5. a4 c6 6. axb5 cxb5 7. b3 Bb7 8. Nbd2 Bb4 9. bxc4 Bxe4 10. cxb5 Ne7 11. Qa4 Bxd2+ 12. Nxd2 Bd5 13. Be2 O-O 14. O-O a6 15. bxa6 Bb7 16. Ba3 Bxa6 17. Rfb1 Re8 18. Rxb8 Qxb8 19. Bxa6 Nd5 20. Qc6 Nb4 21. Bxb4 Qxb4 22. Nf3 Rec8 23. Bf1 Rxc6 24. Rxa8+ Qf8 25. Rxf8+ Kxf8 26. g4 h6 27. h4 g6 28. Kg2 Ke7 29. Ne5 Rc2 30. Kf3 Rc3+ 31. Bd3 Rc1 32. Ke3 Rh1 33. Nf3 Kf6 34. Be4 Rd1 35. Ne5 Re1+ 36. Kf3 Rh1 37. g5+ hxg5 38. Ng4+ Ke7 39. hxg5 Rd1 40. Ne5 Rg1 41. Kf4 Rf1 42. f3 Rd1 43. Bd3 Kf8 44. Ke3 Rg1 45. f4 Re1+ 46. Kd2 Rh1 47. Bb5 Rh2+ 48. Ke3 Rh8 49. Ke4 Kg7 50. Nd7 Rh1 51. Bc6 Re1+ 52. Kf3 Rf1+ 53. Ke3 Re1+ 54. Kf2 Rd1 55. d5 exd5 56. Ke2 Rd4 57. Ke3 Re4+ 58. Kf3 Re7 59. Bb5 d4 60. Ne5 f6 61. gxf6+ Kxf6 62. Ng4+ Kg7 63. Bd3 Re8 1/2-1/2

[Event "Corus-B"]
[Site "Wijk aan Zee"]
[Date "2002.01.17"]
[Round "3"]
[White "Tregubov, Pavel V"]
[Black "Jonkman, Harmen"]
[Result "0-1"]
[WhiteElo "2626"]
[BlackElo "2498"]
[PlyCount "68"]
[EventDate "2002.01.15"]
[Source "ChessBase"]
[SourceDate "2002.03.21"]

1. c4 e6 2. d4 d5 3. Nf3 dxc4 4. e4 c5 5. Bxc4 cxd4 6. Qxd4 Bd7 7. O-O Nc6 8. Qe3 Nge7 9. b3 Ng6 10. Bb2 Qc7 11. Nc3 Qa5 12. Rfd1 Bc5 13. Qg5 Be7 14. Qg3 a6 15. Ne2 Bf6 16. Bxf6 gxf6 17. a3 Rc8 18. Nf4 Nce5 19. Nh5 Ke7 20. b4 Nxf3+ 21. Qxf3 Qe5 22. Nxf6 Ba4 23. Ng4 Bxd1 24. Qxd1 Qxe4 25. Be2 Rhd8 26. Qf1 Ne5 27. Ne3 Rc3 28. h3 Rg8 29. Re1 Rxa3 30. Bg4 Nxg4 31. hxg4 Qd3 32. Re2 Rd8 33. Qe1 Qc3 34. Qb1 Ra1 0-1